000 01021nac a22002897a 4500
001 BR8802412
003 BR-BrBNA
005 20240105120757.0
008 230509b bl.|||m| |||| 00| 0 por d
040 _aBR-BrBNA
_bpor
_cBiblioteca Nacional de Agricultura
072 _aF30
090 _a1440 BR8802412
100 1 _aFigueiredo, F.J.T.
100 1 _aFarias Neto, J.T. de
110 1 _aUnidade de Execucao de Pesquisa de Ambito Territorial de Macapa, AP (Brasil)
_910392
245 1 _aCompeticao de cultivares de feijao caupi de habito arbustivo em solo de cerrado do Amapa - 1983
260 3 _aMacapa, AP (Brasil):
_c1984.
300 _a3 p.
490 _aPesquisa em Andamento - Unidade de Execucao de Pesquisa de Ambito Territorial de Macapa (Brazil)
_vno. 28
_xISSN 0102-0889
650 _aFEIJAO DE CORDA
650 _aCOMPETICAO DE VARIEDADE
650 _aVARIEDADE RESISTENTE
650 _aCERRADO
650 _aAMAPA
909 _a202312
_bLúcia Elande
_c55
_dLúcia Elande
942 _2AGRIS
_n0
_cMS
999 _c281338
_d281338